Encyclopaedia of Recent Advances in Corpus Linguistics: (Record no. 622583)

MARC details
000 -LEADER
fixed length control field 00558nam a2200193 4500
008 - FIXED-LENGTH DATA ELEMENTS--GENERAL INFORMATION
fixed length control field 260505b |||||||| |||| 00| 0 eng d
020 ## - INTERNATIONAL STANDARD BOOK NUMBER
ISBN 9781785690198
Paper back/Hardbound hbk
041 ## - LANGUAGE CODE
Language code of text/sound track or separate title eng
082 ## - DEWEY DECIMAL CLASSIFICATION NUMBER
Classification number 410.2 BUL.4
100 ## - MAIN ENTRY--AUTHOR NAME
Personal name Bullinaria,John A.
245 ## - TITLE STATEMENT
Title Encyclopaedia of Recent Advances in Corpus Linguistics:
Sub Title Theory and Practice,
Statement of responsibility, etc John A. Bullinaria.
260 ## - PUBLICATION, DISTRIBUTION, ETC. (IMPRINT)
Place of publication United Kingdom
Name of publisher Koros Press Limited
Year of publication 2016
300 ## - PHYSICAL DESCRIPTION
Number of Pages 262p. :
Dimensions 20cm.
490 ## - SERIES STATEMENT
Volume number/sequential designation vol 4
504 ## - BIBLIOGRAPHY, ETC. NOTE
Bibliography, etc Includes index
650 ## - SUBJECT ADDED ENTRY--TOPICAL TERM
Topical Term Linguistics
942 ## - ADDED ENTRY ELEMENTS (KOHA)
Koha item type English Books
Holdings
Withdrawn status Lost status Damaged status Not for loan Home library Current library Shelving location Date acquired Full call number Accession Number Price effective from Koha item type
        Anna Centenary Library Anna Centenary Library 4TH FLOOR, A WING 05.05.2026 410.2 BUL.4 604559 05.05.2026 English Books
        Anna Centenary Library Anna Centenary Library 4TH FLOOR, A WING 05.05.2026 410.2 BUL.4 604558 05.05.2026 English Books
        Anna Centenary Library Anna Centenary Library 4TH FLOOR, A WING 05.05.2026 410.2 BUL.4 604557 05.05.2026 English Books
        Anna Centenary Library Anna Centenary Library 4TH FLOOR, A WING 05.05.2026 410.2 BUL.4 604556 05.05.2026 English Books

Find us on the map